Spätergebnisse konservativer und operativer Behandlung von Patellarfrakturen /

Hlavní autor: Vogel, Günter
Korporativní autor: Justus Liebig-Universität Giessen
Jazyk: Němčina
Vydáno: Giessen : Günter Vogel, 1966
Témata:
Fyzický popis: 35 s.
Knihy
Uloženo v:
LEADER 01033nam a22003012a 4500
001 001612519
003 CZ BrMZK
005 20180417100627.0
007 ta
008 180118s1966 gw er|||||||||||ger d
040 |a BOA001  |b cze  |e aacr2 
072 7 |a 616  |x Patologie. Klinická medicína  |2 Konspekt  |9 14 
080 |a 616.718.49  |2 MRF 
080 |a 616-08  |2 MRF 
080 |a (043.3)  |2 MRF 
100 1 |a Vogel, Günter  |4 dis 
245 1 0 |a Spätergebnisse konservativer und operativer Behandlung von Patellarfrakturen /  |c Günter Vogel 
260 |a Giessen :  |b Günter Vogel,  |c 1966 
300 |a 35 s. 
502 |a Disertace--Justus Liebig-Universität Giessen, 1966 
650 0 7 |a čéška  |7 ph405066  |2 czenas 
650 0 7 |a terapeutické metody  |7 ph135678  |2 czenas 
655 7 |a disertace  |7 fd132024  |2 czenas 
710 2 |a Justus Liebig-Universität Giessen  |7 ko2002149270 
910 |a BOA001  |b X-0595.888 
990 |a BK 
991 |b 201801 
996 7 |b 2618923025  |c X-0595.888  |l MZK  |r Sklad / do 24 hodin  |n 0  |w 001647996  |u 000010  |a 1  |e BOA001  |j MZK50  |s A